ბათუმის შოთა რუსთაველის სახელმწიფო უნივერსიტეტის ბიბლიოთეკა

ჩანაწერი Personal Name

ჩანაწერთა რაოდენობა, რომელიც გამოყენებულია: 3

001 - CONTROL NUMBER

  • control field: 9855

003 - CONTROL NUMBER IDENTIFIER

  • control field: GE_BSU

005 - DATE AND TIME OF LATEST TRANSACTION

  • control field: 20201208115121.0

008 - FIXED-LENGTH DATA ELEMENTS

  • fixed length control field: 201208|| aca||aabn | a|a d

040 ## - CATALOGING SOURCE

  • Original cataloging agency: GE_BSU
  • Transcribing agency: GE_BSU

100 ## - HEADING--PERSONAL NAME

  • Personal name: მეფარიშვილი, გალინა
  • Relator term: სამეცნ. ხელმძღვანელი

670 ## - SOURCE DATA FOUND

  • Source citation: Work cat.: (GE_BSU): მაკარაძე,ელზა 9854, აჭარაში გავრცელებულ ყოჩივარდასა (cyclamen L) და თეთრყვავილას (Galanthus L) პოპულაციების ბიოეკოლოგიური თავისებურებები :